[Event "Regionalliga SW 0102"]
[Site "Bayern"]
[Date "2002.04.28"]
[Round "9.6"]
[White "Rueb, Werner"]
[Black "Daurer, Walter"]
[Result "1-0"]
[WhiteElo "1915"]
[BlackElo "2085"]
[PlyCount "185"]
[EventDate "2001.10.07"]
[EventType "team"]
[EventRounds "9"]
[EventCountry "GER"]
[SourceTitle "EXT 2003"]
[Source "ChessBase"]
[SourceDate "2002.11.25"]
[SourceVersion "1"]
[SourceVersionDate "2002.11.25"]
[SourceQuality "1"]
[WhiteTeam "Pasing II"]
[BlackTeam "Muenchen Tarrasch"]
[WhiteTeamCountry "GER"]
[BlackTeamCountry "GER"]

1. e4 c5 2. Nf3 Nc6 3. c3 g6 4. d4 cxd4 5. cxd4 Bg7 6. Nc3 d6 7. h3 Nf6 8. Bc4 0-0 9. 0-0 Na5 10. Bd3 d5 11. e5 Ne8 12. Qe2 Nc7 13. Be3 Nc6 14. Rad1 f6 15. exf6 exf6 16. a3 Kh8 17. Bb1 Re8 18. Qd2 Be6 19. Bh6 Qd7 20. Rfe1 Bf5 21. Rxe8+ Rxe8 22. Bxg7+ Kxg7 23. Bxf5 Qxf5 24. Qd3 Qf4 25. Qd2 Qxd2 26. Rxd2 f5 27. g3 Kf6 28. h4 h6 29. Kf1 g5 30. hxg5+ hxg5 31. Ne1 f4 32. g4 Rh8 33. Kg2 Rh4 34. f3 Rh8 35. Nc2 Re8 36. Kf2 Rh8 37. Kg2 Ke6 38. b4 b5 39. Kg1 Rh3 40. Kg2 Rh6 41. Rd1 a6 42. Rd2 Kd6 43. Ne2 a5 44. Nc1 axb4 45. axb4 Rh8 46. Ne2 Na6 47. Nc3 Rb8 48. Na3 Na7 49. Rb2 Kc6 50. Kf2 Re8 51. Nc2 Rd8 52. Ne2 Kb6 53. Kf1 Rc8 54. Na3 Nc6 55. Nc2 Ne7 56. Na3 Ra8 57. Nc2 Nc7 58. Nc3 Nc8 59. Ra2 Rb8 60. Ra1 Nd6 61. Re1 Re8 62. Rxe8 Ndxe8 63. Ke2 Kc6 64. Kd3 Nd6 65. Ke2 Na8 66. Kd3 Nb6 67. Ne2 Ndc4 68. Ng1 Nb2+ 69. Ke2 N6c4 70. Nh3 Kd6 71. Nxg5 Nb6 72. Nh3 N2c4 73. Nxf4 Ke7 74. Ne3 Nxe3 75. Kxe3 Kd6 76. Nd3 Nc4+ 77. Kf4 Nd2 78. Ne5 Nb1 79. Kf5 Nd2 80. Kf6 Nb3 81. g5 Nxd4 82. f4 Ne6 83. Nd3 Nc7 84. g6 d4 85. f5 Kd5 86. g7 Ne8+ 87. Kf7 Nxg7 88. Kxg7 Ke4 89. f6 Kxd3 90. f7 Kc2 91. f8Q d3 92. Qc5+ Kb2 93. Qxb5 1-0

[Event "Regionalliga SW 0102"]
[Site "Bayern"]
[Date "2002.01.20"]
[Round "4.6"]
[White "Pleyer, Felix"]
[Black "Rueb, Werner"]
[Result "1-0"]
[WhiteElo "1950"]
[BlackElo "1915"]
[PlyCount "45"]
[EventDate "2001.10.07"]
[EventType "team"]
[EventRounds "9"]
[EventCountry "GER"]
[SourceTitle "EXT 2003"]
[Source "ChessBase"]
[SourceDate "2002.11.25"]
[SourceVersion "1"]
[SourceVersionDate "2002.11.25"]
[SourceQuality "1"]
[WhiteTeam "Sonthofen"]
[BlackTeam "Pasing II"]
[WhiteTeamCountry "GER"]
[BlackTeamCountry "GER"]

1. e4 c6 2. d4 d5 3. exd5 cxd5 4. Bd3 Nc6 5. c3 Nf6 6. h3 e6 7. Nf3 Be7 8. 0-0 h6 9. Nbd2 0-0 10. Ne5 Bd7 11. Ndf3 Be8 12. Re1 a6 13. Bc2 Rc8 14. a4 b5 15. axb5 axb5 16. Nxc6 Bxc6 17. Ne5 Re8 18. Qd3 Bf8 19. Ng4 g6 20. Nxh6+ Kg7 21. Nxf7 Kxf7 22. Qxg6+ Ke7 23. Bg5 1-0